| 000 | 00908nam a22002537a 4500 | ||
|---|---|---|---|
| 005 | 20240523084620.0 | ||
| 008 | 240403t ||||| |||| 00| 0 spa d | ||
| 020 | _a8434465817 | ||
| 040 |
_aCO-BoUCM _cDavid Moreno _dDavid Moreno |
||
| 041 | _aspa | ||
| 100 | 1 |
_aVillani, Pasquale _9156658 |
|
| 245 | 1 | 3 |
_aLa edad contemporánea _b1945 hasta hoy _cPasquale Villani ; traducción de Salvador del Carril |
| 246 | _aL'etá contemporanea. | ||
| 260 |
_aBarcelona _bEditorial Ariel _c1997 |
||
| 300 |
_a251 Paginas _bilustraciones |
||
| 490 | _aAriel historia | ||
| 504 | _aIncluye referencias bibliográficas e índices | ||
| 650 | 1 | 7 |
_aHistoria universal _916951 |
| 650 | 1 | 7 |
_aHistoria moderna _916943 |
| 650 | 1 | 7 |
_aHistoria contemporánea _9180414 |
| 700 | 1 |
_aCarral, Salvador del _etraductor _9180415 |
|
| 942 |
_2DEWEY _a21 _cLIBRO _e1 _h909 _mV716e _n0 |
||
| 999 |
_c324070 _d324070 |
||